[Event "SVK-ch U12"]
[Site "Tatralandia"]
[Date "2024.04.06"]
[Round "2"]
[White "Goralka, Roger"]
[Black "Tverdak, Damian"]
[Result "0-1"]
[WhiteElo "1000"]
[BlackElo "1458"]
[PlyCount "100"]
[EventDate "2024.04.05"]
[EventType "swiss"]
[EventRounds "9"]
[EventCountry "SVK"]
[SourceTitle "CB16_2024"]
[SourceDate "2024.04.17"]
[SourceVersion "1"]
[SourceVersionDate "2024.04.17"]
[SourceQuality "1"]

1. e4 e5 2. Nf3 Nc6 3. Nc3 Nf6 4. d3 Bb4 5. a3 Be7 6. g3 d6 7. Bg2 Bg4 8. 0-0 0-0 9. Qd2 Qd7 10. Nd5 Nxd5 11. exd5 Nd8 12. c3 Bh3 13. d4 Bxg2 14. Kxg2 e4 15. Ng5 f5 16. f3 h6 17. Ne6 Nxe6 18. dxe6 Qxe6 19. fxe4 fxe4 20. Re1 d5 21. b3 Qg4 22. c4 Qf3+ 23. Kg1 Qxb3 24. cxd5 Qxd5 25. Bb2 Bf6 26. Qc2 Bxd4+ 27. Bxd4 Qxd4+ 28. Kh1 Qe5 29. Qb3+ Kh8 30. Qxb7 e3 31. Rac1 e2 32. Qg2 Rae8 33. Kg1 Qe3+ 34. Kh1 Qxc1 35. Rxc1 e1Q+ 36. Rxe1 Rxe1+ 37. Qg1 Rff1 38. Qxf1 Rxf1+ 39. Kg2 Rf6 40. h4 c5 41. h5 c4 42. g4 c3 43. g5 hxg5 44. h6 gxh6 45. a4 c2 46. a5 c1Q 47. a6 Qf1+ 48. Kg3 h5 49. Kh2 Rf2+ 50. Kg3 Qg2# 0-1